LEADER 04168nam 2200637 450 001 9910816484403321 005 20230810190244.0 010 $a0-19-108348-8 035 $a(CKB)3710000000737950 035 $a(EBL)4545415 035 $a(MiAaPQ)EBC4545415 035 $a(Au-PeEL)EBL4545415 035 $a(CaPaEBR)ebr11237352 035 $a(OCoLC)953455153 035 $a(EXLCZ)993710000000737950 100 $a20160810h20162016 uy 0 101 0 $aeng 135 $aur|n|---||||| 181 $ctxt$2rdacontent 182 $cc$2rdamedia 183 $acr$2rdacarrier 200 10$aAI $eits nature and future /$fMargaret A. Boden 210 1$aOxford, England :$cOxford University Press,$d2016. 210 4$d©2016 215 $a1 online resource (209 pages) 300 $aDescription based upon print version of record. 311 08$aPrint version: Boden, Margaret A. AI : its nature and future. Oxford, England : Oxford University Press, ©2016 x, 198 pages 9780198777984 311 08$a0-19-877798-1 320 $aIncludes bibliographical references and index. 327 $aCOVER; ITS NATURE AND FUTURE; COPYRIGHT; DEDICATION; ACKNOWLEDGMENTS ; CONTENTS ; LIST OF FIGURES; Chapter 1: What is Artificial Intelligence? ; Virtual Machines ; The Major Types of AI ; AI Foreseen ; How AI Began ; Cybernetics ; How AI Divided ; Chapter 2: General Intelligence as the Holy Grail ; Supercomputers aren't Enough ; Heuristic Search ; Planning ; Mathematical Simplification ; Knowledge Representation ; Rule-Based Programs ; Frames, Word-Vectors, Scripts, Semantic Nets ; Logic and the Semantic Web ; Computer Vision ; The Frame Problem ; Agents and Distributed Cognition 327 $aMachine Learning Generalist Systems ; The Dream Revitalized ; Missing Dimensions ; Chapter 3: Language, Creativity, Emotion ; Language ; Creativity ; AI and Emotion ; Chapter 4: Artificial Neural Networks ; The Wider Implications of ANNs ; Parallel Distributed Processing ; Learning in Neural Networks ; Backprop and Brains-And Deep Learning ; Network Scandal ; Connections aren't Everything ; Hybrid Systems ; Chapter 5: Robots and Artificial Life ; Situated Robots and Interesting Insects ; Evolutionary AI ; Self-Organization ; Chapter 6: But is it Intelligence, Really? ; The Turing Test 327 $aThe Many Problems of Consciousness Machine Consciousness ; AI and Phenomenal Consciousness ; Virtual Machines and the Mind-Body Problem ; Meaning and Understanding ; Is Neuroprotein Essential? ; Not Just Brain, but Body too ; Moral Community ; Morality, Freedom, and Self ; Mind and Life ; The Great Philosophical Divide ; Chapter 7: The Singularity ; Prophets of the Singularity ; Competing Predictions ; Skepticism Defended ; Whole-Brain Emulation ; What We Should be Worrying about ; What's being Done about it ; REFERENCES ; ENDNOTES; Chapter 1; Chapter 2 ; Chapter 3 ; Chapter 4 ; Chapter 5 327 $aChapter 6 Chapter 7 ; INDEX 330 $aArtificial Intelligence surrounds us; in our homes, schools and offices, in our cinemas, in art galleries and - not least - on the Internet. Margaret Boden considers the realistic and unrealistic expectations we have placed on AI, analyses its progress, and considers the value of its byproducts. 517 3 $aArtificial intelligence 606 $aArtificial intelligence 606 $aArtificial intelligence$xSocial aspects 606 $aartificial intelligence$2aat$3(CStmoGRI)aat300251574 606 $aCOMPUTERS$xGeneral$2bisacsh 606 $aArtificial intelligence$2fast$3(OCoLC)fst00817247 606 $aArtificial intelligence$xSocial aspects$2fast$3(OCoLC)fst00817279 615 0$aArtificial intelligence. 615 0$aArtificial intelligence$xSocial aspects. 615 7$aartificial intelligence. 615 7$aCOMPUTERS$xGeneral. 615 7$aArtificial intelligence. 615 7$aArtificial intelligence$xSocial aspects. 676 $a006.3 700 $aBoden$b Margaret A.$0527579 801 0$bMiAaPQ 801 1$bMiAaPQ 801 2$bMiAaPQ 906 $aBOOK 912 $a9910816484403321 996 $aAI$93955709 997 $aUNINA LEADER 02449nam 2200361z- 450 001 9910569197303321 005 20251017110100.0 035 $a(CKB)5400000000050627 035 $a(oapen)https://directory.doabooks.org/handle/20.500.12854/81831 035 $a(oapen)doab81831 035 $a(DNLM)1753597 035 $a(EXLCZ)995400000000050627 100 $a20202205d2019 |y 0 101 0 $aeng 135 $aurmn|---annan 181 $ctxt$2rdacontent 182 $cc$2rdamedia 183 $acr$2rdacarrier 200 00$aParaganglioma: A Multidisciplinary Approach 210 $aAustralia$cExon Publications$d2019 215 $a1 online resource (127 p.) 311 08$a0-9944381-7-6 330 $aParagangliomas and pheochromocytomas are rare tumors of the autonomic nervous system that represent a diagnostic and therapeutic challenge. While the classic sites of origin are the adrenal medulla and the autonomic branches of the lower cranial nerves, they may arise from any site in connection with the autonomic neural branches in the thoracic, abdominal, and head and neck regions. The uncontrolled release of catecholamines by these tumors can be life-threatening. Paragangliomas and pheochromocytomas are the tumor types in which the impact of genetic predisposition factors is the highest. The treatment of paraganglioma and pheochromocytoma requires specialized knowledge and solid experience, which, given the rarity of these diseases, is available only in highly specialized centers. This book includes specific chapters written by experts from several countries that deal with relevant aspects of paraganglioma and pheochromocytoma diagnosis and therapy. Chapter 1 addresses the genetic findings that are most relevant to diagnosis and management, chapter 2 deals with the biochemical diagnosis, chapter 3 with imaging, chapter 4 with the surgical and pharmacological management, mainly of trunk paraganglioma and pheochromocytoma, chapters 5 and 6 with the histopathological, genetic, and clinical characteristics of carotid body, and vagal and tympano-jugular paragangliomas. 517 $aParaganglioma 606 $aMJCL$2bicssc 610 $aParaganglioma 615 7$aMJCL 700 $aMariani-Costantini$b Renato$4edt$01303412 702 $aMariani-Costantini$b Renato$4oth 906 $aBOOK 912 $a9910569197303321 996 $aParaganglioma: A Multidisciplinary Approach$93027014 997 $aUNINA